Obras escogidas III

Αποθηκεύτηκε σε:
Λεπτομέρειες βιβλιογραφικής εγγραφής
Κύριος συγγραφέας: Jovellanos Baltasar Melchor Gaspar María de Jove Llanos y Ramírez
Μορφή: Βιβλίο
Γλώσσα:Undetermined
Έκδοση: Madrid, España Espasa-Calpe 1956
Θέματα:
Ετικέτες: Προσθήκη ετικέτας
Δεν υπάρχουν, Καταχωρήστε ετικέτα πρώτοι!

MARC

LEADER 00000nam a2200000Ia 4500
008 170316s9999 xx 000 0 und d
040 |a cru BVZT 
090 |a 862 J-6o 
100 |a Jovellanos  |q Baltasar Melchor Gaspar María de Jove Llanos y Ramírez 
245 |a Obras escogidas III 
250 |b Por Ángel del Río 
260 |a Madrid, España 
260 |b Espasa-Calpe 
260 |c 1956 
300 |a 336 páginas 
546 |a Español 
650 |a LITERATURA ESPAÑOLA 
999 |c 10037  |d 10037 
942 |c 15 D  |h 862 J-6o  |2 z